La guía del community manager: estrategia, táctica y herramientas
Shranjeno v:
| Glavni avtor: | |
|---|---|
| Format: | Knjiga |
| Jezik: | španščina |
| Izdano: |
Madrid
Anaya
2013
|
| Izdaja: | 1a. ed |
| Serija: | Social Media
|
| Teme: | |
| Oznake: |
Označite
Brez oznak, prvi označite!
|
MARC
| LEADER | 00000cam a2200000 a 4500 | ||
|---|---|---|---|
| 001 | UCE1047 | ||
| 003 | CL-VaPUC | ||
| 008 | 140324e20130000sp |||||||||||||||||spa|d | ||
| 020 | |a 9788441534087 | ||
| 082 | 0 | 4 | |a 658.872 |b MEJ |2 21 |
| 100 | |a Mejía Llano, Juan Carlos |e autor |9 573424 | ||
| 245 | 1 | 3 | |a La guía del community manager: estrategia, táctica y herramientas |
| 250 | |a 1a. ed | ||
| 300 | |a 400 p | ||
| 942 | |c BK | ||
| 945 | |d 20140324 12:18:00 |a dcastane | ||
| 260 | |a Madrid |b Anaya |c 2013 | ||
| 650 | 7 | |a MARKETING EN LINEA |2 CL-VaPUC |9 451770 | |
| 650 | 0 | |a Marketing estratégico |9 358049 | |
| 650 | 0 | |a Redes sociales |9 327959 | |
| 583 | |a last modification |c 20140324 12:18:00 |k Rodrigo Vera | ||
| 490 | 0 | |a Social Media | |
| 999 | |c 354989 |d 354987 | ||
| 952 | |0 0 |1 0 |3 erb |4 0 |6 658_872000000000000_MEJ_2013 |7 0 |8 A |9 461242 |a BIBCUR |b BIBCUR |i 5062691 |o 658.872 MEJ 2013 |p 5062691 |r 2025-04-22 |w 2019-11-23 |y BK |z Catalogado en:20140324 |k PER | ||